000 00425nam a2200181Ia 4500
001 1427
005 20260306143727.0
008 260306t2009||||xx |||||||||||||| ||spa||
041 _aESP
082 _a150
_bP75
100 _aPolo, Leonardo 1926-2013
_eAUT
245 0 _aCurso de psicologĂ­a general
260 _c2009
300 _a359 páginas :
_c24 cm.
650 _aGEN
654 _aCPS
942 _cLIB
_dJUS
_fJUS
_2ddc
_n
999 _c1427
_d1427